Cien años de soledad

Opis bibliograficzny
1. autor: García Márquez, Gabriel. 1927-2014
Format: Książka
Język:Spanish
Hasła przedmiotowe:

MARC

LEADER 00000cam a2200000 a 4500
001 41434
003 Ucuenca
005 20230308170224.0
008 974061|1973 ag |||||r|||||||||||spa||
040 |b spa 
041 0 |a spa 
082 0 |a C863.4 
100 1 |a García Márquez, Gabriel.  |d 1927-2014  |9 240079 
245 |a Cien años de soledad  |c Gabriel García Márquez  |h imp 
264 |a Buenos Aires  |b Sudamericana  |c 1973 
300 |a 359 páginas:  |c 19.5 cm 
650 |a Novela colombiana  |9 5210 
650 0 |a Literatura colombiana  |9 434 
852 |a UC-CDJBV  |f Compra  |l 1  |m General  |p 19740612  |q 138,00  |r 8  |t 41434  |b 0  |d CDRC  |e CDRC  |g C863.4 TERCER PISO  |z 1974-40-61 
942 |c BK  |0 1 
999 |c 31653  |d 31653